000
00342nam a2200157Ia 4500
100
_a
Silva/Victor Dias da
650
_a
Mechanics
942
_c
BK
366
_f
25
245
_a
Mechanics and strength of materials
260
_b
Springer
_c
2006
082
_a
620.112
_b
SIL
300
_a
529
546
_a
ENGLISH
_c
Info.Tech
999
_c
24430
_d
24430